<?xml version="1.0" encoding="UTF-8"?>
<marc:record xmlns:marc="http://www.loc.gov/MARC21/slim">
   <marc:leader>00000nam a2200000 a 4500</marc:leader>
   <marc:datafield ind1="1" ind2=" " tag="100">
      <marc:subfield code="a">Lachauer, Ulla</marc:subfield>
      <marc:subfield code="4">aut</marc:subfield>
      <marc:subfield code="e">Verfasser/-in</marc:subfield>
   </marc:datafield>
   <marc:datafield ind1="0" ind2="0" tag="245">
      <marc:subfield code="a">Von Bienen und Menschen</marc:subfield>
   </marc:datafield>
   <marc:datafield ind1="0" ind2="0" tag="245">
      <marc:subfield code="b">Eine Reise durch Europa</marc:subfield>
   </marc:datafield>
   <marc:datafield ind1=" " ind2="1" tag="264">
      <marc:subfield code="b">Rowohlt</marc:subfield>
      <marc:subfield code="c">2018</marc:subfield>
   </marc:datafield>
   <marc:datafield ind1="1" ind2=" " tag="520">
      <marc:subfield code="a">Ein außergewöhnliches Buch von "Bienenmenschen", von deren Imkerhandwerk und von der Honigbiene, als "drittwichtigstes Nutztier" für Mensch und Natur. In vierzehn Porträts werden passionierte ImkerInnen aus den unterschiedlichsten europäischen Regionen vorgestellt, die der Autorin Rede und Antwort stehen. Es wird der Frage nachgegangen, welche großen Veränderungen derzeit die Bienen wie auch andere Insekten, Würmer, Vögel, Klein- und Großtiere betreffen und somit letztlich die Menschen. Der Bogen der Erkundungen ist weit gespannt: von der Ostseeinsel Gotland über die Lüneburger Heide bis nach Stuttgart und in den Schwarzwald, von den französischen Pyrenäen über Kärnten bis Ljubljana, vom böhmischen Isergebirge bis in die russische Exklave Kaliningrad. Eine vergnüglich zu lesende Lektüre, die viel Wissenswertes über die Welt der Bienen vermittelt. Zugleich wird auf deren erstaunliche Bedeutung für europäische Familientraditionen und die Heimat- und Europageschichte verwiesen.</marc:subfield>
   </marc:datafield>
   <marc:datafield ind1=" " ind2=" " tag="020">
      <marc:subfield code="a">9783498039264</marc:subfield>
      <marc:subfield code="9">9783498039264</marc:subfield>
   </marc:datafield>
</marc:record>
